[Event "WC-2019-S-00005"]
[Site "LSS email"]
[Date "2019.08.28"]
[Round "?"]
[White "Almeida, Ramiro"]
[Black "Castignani, Fausto"]
[Result "1/2-1/2"]
[WhiteElo "2230"]
[BlackElo "2170"]
[PlyCount "59"]
[EventDate "2019.09.01"]
[EventType "tourn (corr)"]
[EventRounds "12"]
[EventCountry "GER"]
[SourceTitle "Corr 2024"]
[Source "ChessBase"]
[SourceDate "2023.10.19"]
[SourceVersion "1"]
[SourceVersionDate "2023.10.19"]
[SourceQuality "1"]

1. e4 e5 2. Nf3 Nc6 3. Bb5 a6 4. Ba4 Nf6 5. 0-0 Be7 6. Re1 b5 7. Bb3 0-0 8. c3 d5 9. exd5 Nxd5 10. Nxe5 Nxe5 11. Rxe5 c6 12. d4 Bd6 13. Re1 Qh4 14. g3 Qh3 15. Be3 Re8 16. Bxd5 cxd5 17. Qf3 Be6 18. Nd2 b4 19. cxb4 Bxb4 20. a3 Be7 21. Bf4 Rac8 22. Rac1 Rxc1 23. Rxc1 h5 24. Nf1 Bf6 25. Be5 Bg5 26. Re1 Rc8 27. Bf4 Bf6 28. Qd1 h4 29. Ne3 hxg3 30. hxg3 1/2-1/2

[Event "WC-2019-S-00005"]
[Site "LSS email"]
[Date "2019.08.28"]
[Round "?"]
[White "Morcin, Tom"]
[Black "Castignani, Fausto"]
[Result "1/2-1/2"]
[WhiteElo "2180"]
[BlackElo "2170"]
[PlyCount "117"]
[EventDate "2019.09.01"]
[EventType "tourn (corr)"]
[EventRounds "12"]
[EventCountry "GER"]
[SourceTitle "Corr 2024"]
[Source "ChessBase"]
[SourceDate "2023.10.19"]
[SourceVersion "1"]
[SourceVersionDate "2023.10.19"]
[SourceQuality "1"]

1. e4 c5 2. Nf3 Nc6 3. d4 cxd4 4. Nxd4 e5 5. Nb5 d6 6. c4 Nf6 7. N1c3 a6 8. Na3 Be7 9. Nc2 0-0 10. Be2 Be6 11. 0-0 Rc8 12. Be3 Na5 13. b3 b5 14. Nd5 Bxd5 15. exd5 bxc4 16. b4 Nb7 17. Na3 a5 18. Nxc4 axb4 19. Rb1 Nc5 20. Rxb4 Nfe4 21. Qc2 f5 22. a4 f4 23. Bxc5 Nxc5 24. Bf3 Rb8 25. Rxb8 Qxb8 26. Na5 Qe8 27. Nc6 Bf6 28. Be4 g6 29. Rb1 Kg7 30. a5 Qf7 31. Rb5 Re8 32. f3 Kh6 33. g3 Kg7 34. Kg2 h5 35. Qb1 Bg5 36. Rb8 fxg3 37. Rxe8 Qxe8 38. hxg3 h4 39. Qb8 Qd7 40. gxh4 Bxh4 41. Qa7 Qxa7 42. Nxa7 Be1 43. Nc6 Kf7 44. Kf1 Bc3 45. Ke2 Ke8 46. Bxg6+ Kd7 47. Kd1 Kc7 48. Kc2 Be1 49. Bd3 Kb7 50. Bc4 Bh4 51. Be2 Be1 52. Kd1 Bh4 53. Bb5 Na6 54. Kd2 Nb8 55. Kd3 Nxc6 56. dxc6+ Kc7 57. Ke4 Bf2 58. f4 exf4 59. Kxf4 1/2-1/2

[Event "CP-2018-Q-00009"]
[Site "LSS email"]
[Date "2018.11.28"]
[Round "?"]
[White "Castignani, Fausto"]
[Black "Oliveira, Marcio B"]
[Result "1/2-1/2"]
[WhiteElo "2095"]
[BlackElo "2298"]
[PlyCount "105"]
[EventDate "2018.12.01"]
[EventType "tourn (corr)"]
[EventRounds "6"]
[EventCountry "GER"]
[SourceTitle "Corr 2022"]
[Source "ChessBase"]
[SourceDate "2021.10.24"]
[SourceVersion "1"]
[SourceVersionDate "2021.10.24"]
[SourceQuality "1"]

1. e4 c5 2. Nf3 d6 3. Bb5+ Bd7 4. Bxd7+ Qxd7 5. 0-0 Nc6 6. c3 Nf6 7. Re1 e6 8. d4 cxd4 9. cxd4 d5 10. e5 Ne4 11. Re3 Be7 12. Nc3 Nxc3 13. Rxc3 0-0 14. Bd2 Rfc8 15. Rac1 h6 16. g4 a6 17. Kg2 Na7 18. a3 Rxc3 19. Rxc3 Rc8 20. Rxc8+ Qxc8 21. Qb3 Nc6 22. h4 Qc7 23. h5 Bd8 24. Qd3 Qb6 25. b3 Be7 26. b4 Bd8 27. Be3 Qc7 28. Qc2 Be7 29. Ne1 Qb6 30. Qd3 Na7 31. Bd2 Qc6 32. f4 Nc8 33. Qc2 Qd7 34. Nf3 Nb6 35. g5 Nc4 36. Bc1 a5 37. Qb1 axb4 38. axb4 Qa4 39. f5 Qd1 40. fxe6 Ne3+ 41. Kf2 fxe6 42. Kxe3 hxg5 43. Qg6 Qxc1+ 44. Kf2 Qf4 45. h6 Bf8 46. hxg7 g4 47. gxf8Q+ Kxf8 48. Qd3 Kg7 49. Ke2 gxf3+ 50. Qxf3 Qxf3+ 51. Kxf3 b5 52. Kg3 Kh6 53. Kg4 1/2-1/2

[Event "CP-2018-Q-00009"]
[Site "LSS email"]
[Date "2018.11.28"]
[Round "?"]
[White "Koch, Christian"]
[Black "Castignani, Fausto"]
[Result "1-0"]
[WhiteElo "2301"]
[BlackElo "2095"]
[PlyCount "143"]
[EventDate "2018.12.01"]
[EventType "tourn (corr)"]
[EventRounds "6"]
[EventCountry "GER"]
[SourceTitle "Corr 2022"]
[Source "ChessBase"]
[SourceDate "2021.10.24"]
[SourceVersion "1"]
[SourceVersionDate "2021.10.24"]
[SourceQuality "1"]

1. e4 c5 2. Nf3 Nc6 3. d4 cxd4 4. Nxd4 e5 5. Nb5 d6 6. N1c3 a6 7. Na3 b5 8. Nd5 Nf6 9. c4 b4 10. Nxf6+ Qxf6 11. Nc2 Be7 12. Bd3 0-0 13. Ne3 Qg6 14. 0-0 Bg5 15. Nd5 a5 16. f4 exf4 17. h4 Bh6 18. e5 Qg3 19. exd6 Ne5 20. Be2 Bb7 21. Ne7+ Kh8 22. Rf2 f5 23. Qd4 f3 24. Bxh6 fxe2 25. Bf4 Qxg2+ 26. Rxg2 Nf3+ 27. Kf2 Nxd4 28. Rg3 Nc2 29. h5 h6 30. Rag1 e1Q+ 31. Rxe1 Nxe1 32. Kxe1 Rf7 33. Kf2 Kh7 34. c5 Re8 35. Ng6 Be4 36. Ne5 Rxe5 37. Bxe5 Bc6 38. Bf4 Kg8 39. Ke3 Kf8 40. Rg6 Bb5 41. Re6 Bd7 42. Re5 Bc6 43. Kd4 Kg8 44. Re6 Rb7 45. Ke5 Rf7 46. Be3 Kf8 47. Kf4 Kg8 48. Bd4 a4 49. b3 a3 50. Bf2 Bd7 51. Re2 Bb5 52. Rd2 Bc6 53. Bh4 Ra7 54. Rd4 Kf7 55. Kxf5 Rb7 56. Ke5 Ke8 57. Rf4 Kd7 58. Rf7+ Ke8 59. Rxb7 Bxb7 60. Ke6 Bc6 61. Be1 Kd8 62. Bxb4 Ke8 63. Bxa3 Kd8 64. Bb4 Bd7+ 65. Kd5 Bg4 66. c6 Bf3+ 67. Kc5 Bg4 68. d7 Bxd7 69. cxd7 Kxd7 70. a4 Ke6 71. a5 g5 72. a6 1-0

[Event "SA-2018-0-00653"]
[Site "LSS email"]
[Date "2018.10.12"]
[Round "?"]
[White "Castignani, Fausto"]
[Black "Tylecek, Drahomir"]
[Result "1/2-1/2"]
[WhiteElo "2072"]
[BlackElo "2166"]
[PlyCount "80"]
[EventDate "2018.09.04"]
[EventType "tourn (corr)"]
[EventRounds "6"]
[EventCountry "GER"]
[SourceTitle "Corr 2022"]
[Source "ChessBase"]
[SourceDate "2021.10.24"]
[SourceVersion "1"]
[SourceVersionDate "2021.10.24"]
[SourceQuality "1"]

1. e4 e5 2. Nf3 Nc6 3. Bc4 Nf6 4. d3 Be7 5. 0-0 d6 6. a3 0-0 7. Re1 Kh8 8. c3 Ng8 9. Nbd2 f5 10. Nf1 fxe4 11. dxe4 Na5 12. Ba2 Bg4 13. Re3 Bg5 14. Rd3 Bxc1 15. Rxc1 Nf6 16. h3 Bxf3 17. Qxf3 Nc6 18. Re1 Ne7 19. Qe2 Qd7 20. Kh2 Ng6 21. g3 b5 22. Kg2 a5 23. Nh2 b4 24. axb4 axb4 25. Bb3 Rab8 26. Qc2 Qc8 27. Rf3 Qb7 28. Be6 Qc6 29. Rfe3 Qe8 30. Ba2 Qd7 31. Nf3 bxc3 32. Rxc3 c5 33. Rd1 h6 34. Bb3 Qc7 35. Nd2 Ne7 36. Ba4 Qb7 37. Kg1 Qc8 38. Kg2 Rb4 39. Rc4 Rb8 40. Rc3 Rb4 1/2-1/2

[Event "SA-2018-0-00653"]
[Site "LSS email"]
[Date "2018.10.12"]
[Round "?"]
[White "Koch, Christian"]
[Black "Castignani, Fausto"]
[Result "1/2-1/2"]
[WhiteElo "2298"]
[BlackElo "2072"]
[PlyCount "89"]
[EventDate "2018.09.04"]
[EventType "tourn (corr)"]
[EventRounds "6"]
[EventCountry "GER"]
[SourceTitle "Corr 2022"]
[Source "ChessBase"]
[SourceDate "2021.10.24"]
[SourceVersion "1"]
[SourceVersionDate "2021.10.24"]
[SourceQuality "1"]

1. e4 e5 2. Nf3 Nc6 3. Bb5 a6 4. Ba4 Nf6 5. 0-0 Be7 6. Re1 b5 7. Bb3 0-0 8. c3 d5 9. exd5 Nxd5 10. Nxe5 Nxe5 11. Rxe5 c6 12. d4 Bd6 13. Re1 Qh4 14. g3 Qh3 15. Be3 Bg4 16. Qd3 Rae8 17. Nd2 Qh5 18. a4 Re6 19. axb5 axb5 20. Nf1 Bf5 21. Qd2 Bh3 22. Bd1 Qg6 23. Bc2 Qh5 24. Bd1 Qg6 25. Bc2 Qh5 26. Qd3 f5 27. Bd2 f4 28. Rxe6 Bxe6 29. Bd1 Qf7 30. Qf3 Qd7 31. Qe2 Re8 32. Qf3 Rf8 33. Qe2 Re8 34. Qe4 g6 35. Qg2 Bh3 36. Qf3 fxg3 37. hxg3 Rf8 38. Qe4 Qf7 39. f4 g5 40. Bb3 gxf4 41. Bxf4 Bxf4 42. Bxd5 cxd5 43. Qxf4 Qh5 44. Qh4 Qf5 45. Ne3 1/2-1/2

[Event "CP-2017-P-00024"]
[Site "LSS email"]
[Date "2017.09.27"]
[Round "?"]
[White "Castignani, Fausto"]
[Black "Popov, Vladimir"]
[Result "0-1"]
[WhiteElo "2067"]
[BlackElo "2242"]
[PlyCount "126"]
[EventDate "2017.10.01"]
[EventType "tourn (corr)"]
[EventRounds "6"]
[EventCountry "GER"]
[SourceTitle "Corr 2022"]
[Source "ChessBase"]
[SourceDate "2021.10.24"]
[SourceVersion "1"]
[SourceVersionDate "2021.10.24"]
[SourceQuality "1"]

1. e4 e5 2. Nf3 Nf6 3. Nxe5 d6 4. Nf3 Nxe4 5. d4 d5 6. Bd3 Nc6 7. 0-0 Be7 8. c4 Nb4 9. Be2 0-0 10. a3 Nc6 11. Nc3 Nxc3 12. bxc3 dxc4 13. Bxc4 Bd6 14. Bg5 Be7 15. Bxe7 Nxe7 16. Re1 Nd5 17. Qb3 Nb6 18. Bd3 g6 19. Rab1 Bg4 20. Ne5 Be6 21. Qc2 Re8 22. a4 a5 23. Be4 Rb8 24. Rbd1 Nd7 25. f4 Nxe5 26. dxe5 Qh4 27. Rf1 Red8 28. Rd4 Rxd4 29. cxd4 Rd8 30. Qxc7 Rxd4 31. g3 Qh5 32. Bf3 Qf5 33. Qxa5 Qd3 34. Bxb7 Qe3+ 35. Kh1 Rd2 36. Bg2 Kg7 37. Qa6 h5 38. f5 Bxf5 39. Qf6+ Kg8 40. Qh4 Qe2 41. Rg1 Bg4 42. Qf6 Be6 43. Qf1 Qxe5 44. Qb5 Qc3 45. Qb8+ Kh7 46. h3 Qc2 47. g4 hxg4 48. hxg4 Qc3 49. Qh2+ Kg7 50. g5 Bd5 51. Qh6+ Kg8 52. Bxd5 Rxd5 53. Qh2 Rf5 54. Qb8+ Kg7 55. Kh2 Qe3 56. Qg3 Rf3 57. Qh4 Qe5+ 58. Kh1 Rf4 59. Qg3 Qe4+ 60. Rg2 Qd4 61. a5 Rh4+ 62. Rh2 Rg4 63. Qe1 Qd5+ 0-1

[Event "CP-2017-P-00024"]
[Site "LSS email"]
[Date "2017.09.27"]
[Round "?"]
[White "Schwarte, Joachim"]
[Black "Castignani, Fausto"]
[Result "0-1"]
[WhiteElo "1963"]
[BlackElo "2067"]
[PlyCount "132"]
[EventDate "2017.10.01"]
[EventType "tourn (corr)"]
[EventRounds "6"]
[EventCountry "GER"]
[SourceTitle "Corr 2022"]
[Source "ChessBase"]
[SourceDate "2021.10.24"]
[SourceVersion "1"]
[SourceVersionDate "2021.10.24"]
[SourceQuality "1"]

1. Nf3 Nf6 2. c4 e6 3. d4 Bb4+ 4. Nc3 b6 5. Qb3 c5 6. a3 Ba5 7. Bg5 h6 8. Bh4 g5 9. Bg3 Ne4 10. e3 cxd4 11. Nxd4 Bxc3+ 12. bxc3 Na6 13. Nb5 Nac5 14. Qd1 Nxg3 15. hxg3 Bb7 16. Qd4 f6 17. Rd1 d5 18. Qg4 Qe7 19. Qh5+ Kf8 20. Nd4 Kg7 21. f3 dxc4 22. Bxc4 Bc8 23. 0-0 Bd7 24. g4 Rac8 25. Bb5 Be8 26. Bxe8 Qxe8 27. e4 Qxh5 28. gxh5 Rhd8 29. Nb5 a6 30. Nd6 Rb8 31. Rd4 Nb3 32. Rd3 Kf8 33. Rfd1 b5 34. Kf2 Rd7 35. e5 Nc5 36. Re3 Rbd8 37. Rd4 Nb3 38. Rb4 Na5 39. Ne4 Nc4 40. exf6 Nxe3 41. Kxe3 Rc7 42. a4 Rc4 43. Rb3 bxa4 44. Rb1 Kg8 45. Rb6 a5 46. Rb5 Rcc8 47. Rb7 a3 48. Rb3 a2 49. Ra3 Ra8 50. Rxa2 a4 51. Ra3 Kf7 52. c4 e5 53. c5 Rd7 54. g4 Ke6 55. Nc3 Rda7 56. Kd3 Rf7 57. Ne4 Rd7+ 58. Nd6 Kxf6 59. Kc4 Ke6 60. Nb5 Rf8 61. Nd6 Ra7 62. Nf5 Rd8 63. Nd6 Rb8 64. Nf5 Rb2 65. Nxh6 Rc2+ 66. Kd3 Rxc5 0-1

[Event "WC-2017-S-00009"]
[Site "LSS email"]
[Date "2017.05.17"]
[Round "?"]
[White "Castignani, Fausto"]
[Black "Wittal, Werner"]
[Result "1/2-1/2"]
[WhiteElo "2050"]
[BlackElo "2008"]
[PlyCount "76"]
[EventDate "2017.06.01"]
[EventType "tourn (corr)"]
[EventRounds "12"]
[EventCountry "GER"]
[SourceTitle "Corr 2024"]
[Source "ChessBase"]
[SourceDate "2023.10.19"]
[SourceVersion "1"]
[SourceVersionDate "2023.10.19"]
[SourceQuality "1"]

1. e4 e5 2. Nf3 Nc6 3. Bb5 a6 4. Ba4 Nf6 5. 0-0 Be7 6. Re1 b5 7. Bb3 d6 8. c3 0-0 9. h3 Nb8 10. d4 Nbd7 11. c4 c6 12. Nc3 b4 13. Na4 c5 14. d5 Re8 15. Bc2 Nf8 16. b3 Ng6 17. Nb2 a5 18. a3 Bd7 19. Nd3 h6 20. a4 Nh7 21. Nh2 Rf8 22. Nf1 Bg5 23. Ng3 Bxc1 24. Rxc1 Qg5 25. Qh5 Nf6 26. Qxg5 hxg5 27. f3 Nf4 28. Nf5 Nxd3 29. Bxd3 Bxf5 30. exf5 Kh7 31. Kf2 Rh8 32. Rh1 Kg8 33. h4 gxh4 34. Rh3 Re8 35. Ke3 e4 36. Bxe4 g5 37. fxg6 fxg6 38. g3 g5 1/2-1/2

[Event "WC-2017-S-00009"]
[Site "LSS email"]
[Date "2017.05.17"]
[Round "?"]
[White "Habes, Jiri"]
[Black "Castignani, Fausto"]
[Result "1/2-1/2"]
[WhiteElo "1951"]
[BlackElo "2050"]
[PlyCount "48"]
[EventDate "2017.06.01"]
[EventType "tourn (corr)"]
[EventRounds "12"]
[EventCountry "GER"]
[SourceTitle "Corr 2024"]
[Source "ChessBase"]
[SourceDate "2023.10.19"]
[SourceVersion "1"]
[SourceVersionDate "2023.10.19"]
[SourceQuality "1"]

1. d4 Nf6 2. c4 e6 3. Nc3 Bb4 4. Nf3 0-0 5. e3 b6 6. Bd3 Bb7 7. 0-0 Bxc3 8. bxc3 Be4 9. Be2 Nc6 10. Ba3 Re8 11. Rc1 h6 12. Nd2 Bf5 13. c5 e5 14. Bb5 Rb8 15. Re1 bxc5 16. Bxc6 dxc6 17. Bxc5 Bd3 18. Nb3 e4 19. Bb4 Nd7 20. f4 Re6 21. Qd2 Rg6 22. c4 Qh4 23. Kh1 Rxb4 24. Qxb4 Rxg2 1/2-1/2

[Event "WC-2017-S-00009"]
[Site "LSS email"]
[Date "2017.05.17"]
[Round "?"]
[White "Milde, Lars"]
[Black "Castignani, Fausto"]
[Result "0-1"]
[WhiteElo "2017"]
[BlackElo "2050"]
[PlyCount "92"]
[EventDate "2017.06.01"]
[EventType "tourn (corr)"]
[EventRounds "12"]
[EventCountry "GER"]
[SourceTitle "Corr 2024"]
[Source "ChessBase"]
[SourceDate "2023.10.19"]
[SourceVersion "1"]
[SourceVersionDate "2023.10.19"]
[SourceQuality "1"]

1. e4 c5 2. Nf3 Nc6 3. d4 cxd4 4. Nxd4 e5 5. Nb5 Nf6 6. N1c3 d6 7. a4 a6 8. Na3 Bg4 9. Be2 Bxe2 10. Qxe2 d5 11. Bg5 d4 12. Nd5 Qa5+ 13. Bd2 Qd8 14. Bg5 Nb4 15. Nc4 Nbxd5 16. exd5 Qxd5 17. Qxe5+ Qxe5+ 18. Nxe5 Ne4 19. Bh4 Bb4+ 20. Kd1 f6 21. Nd3 Ba5 22. f3 Nd6 23. Bf2 Nc4 24. Bxd4 0-0-0 25. c3 Bb6 26. Kc2 Bxd4 27. cxd4 Rxd4 28. Rhe1 Rhd8 29. Re4 Rxd3 30. Rxc4+ Kb8 31. Rg1 Rd2+ 32. Kb1 Re2 33. Rc2 Rdd2 34. Rxd2 Rxd2 35. Ka2 h5 36. Kb3 h4 37. Kc3 Rf2 38. b3 Kc7 39. Kd4 Kd6 40. h3 g5 41. Ke4 Ke6 42. g3 hxg3 43. Rxg3 Rb2 44. f4 f5+ 45. Kd4 gxf4 46. Rf3 Rb1 0-1

[Event "WC-2017-P-00003"]
[Site "LSS email"]
[Date "2017.01.23"]
[Round "?"]
[White "Castignani, Fausto"]
[Black "Germanes, Ramil"]
[Result "1/2-1/2"]
[WhiteElo "2040"]
[BlackElo "2329"]
[PlyCount "76"]
[EventDate "2017.02.01"]
[EventType "tourn (corr)"]
[EventRounds "12"]
[EventCountry "GER"]
[SourceTitle "Corr 2022"]
[Source "ChessBase"]
[SourceDate "2021.10.24"]
[SourceVersion "1"]
[SourceVersionDate "2021.10.24"]
[SourceQuality "1"]

1. e4 c5 2. Nf3 Nc6 3. Bb5 g6 4. 0-0 Bg7 5. c3 Nf6 6. Re1 0-0 7. d4 d5 8. e5 Ne4 9. Bxc6 bxc6 10. Nbd2 cxd4 11. cxd4 c5 12. dxc5 Nxc5 13. Nb3 Nxb3 14. Qxb3 Bg4 15. Nd4 Qb6 16. Qxb6 axb6 17. b3 Rfc8 18. a4 Rc3 19. Ba3 Rd3 20. Nc6 d4 21. Re4 h5 22. h3 Bd7 23. Nxe7+ Kh7 24. Bd6 Bh6 25. h4 Bf5 26. Nxf5 gxf5 27. Ree1 Rxb3 28. e6 fxe6 29. Rxe6 d3 30. f4 b5 31. a5 d2 32. Rd1 Rd3 33. Kf1 Rxa5 34. Ke2 Rd5 35. Re7+ Kg6 36. Re6+ Kh7 37. Re7+ Kg6 38. Re6+ Kh7 1/2-1/2

[Event "WC-2017-P-00003"]
[Site "LSS email"]
[Date "2017.01.23"]
[Round "?"]
[White "Sandocal, Uzmir"]
[Black "Castignani, Fausto"]
[Result "0-1"]
[WhiteElo "1725"]
[BlackElo "2040"]
[PlyCount "62"]
[EventDate "2017.02.01"]
[EventType "tourn (corr)"]
[EventRounds "12"]
[EventCountry "GER"]
[SourceTitle "Corr 2022"]
[Source "ChessBase"]
[SourceDate "2021.10.24"]
[SourceVersion "1"]
[SourceVersionDate "2021.10.24"]
[SourceQuality "1"]

1. b3 e5 2. e3 Nf6 3. d4 exd4 4. exd4 d5 5. Bd3 Bd6 6. Nf3 Qe7+ 7. Be3 Ng4 8. Qd2 Nxe3 9. fxe3 0-0 10. 0-0 c6 11. Re1 f5 12. c4 Nd7 13. Nc3 Nf6 14. Qb2 g6 15. a3 Be6 16. cxd5 Bxd5 17. b4 Kg7 18. Re2 Be4 19. Qd2 Rfe8 20. Bxe4 fxe4 21. Ne1 h5 22. Nc2 Ng4 23. g3 h4 24. Rg2 hxg3 25. hxg3 Rh8 26. Qe2 Qe6 27. Rf1 Rh3 28. Rf4 Bxf4 29. gxf4 Rh4 30. Nd1 Rah8 31. Nf2 Nxf2 0-1

[Event "WC-2017-P-00003"]
[Site "LSS email"]
[Date "2017.01.23"]
[Round "?"]
[White "Zielinski, Sergej"]
[Black "Castignani, Fausto"]
[Result "1/2-1/2"]
[WhiteElo "2236"]
[BlackElo "2040"]
[PlyCount "75"]
[EventDate "2017.02.01"]
[EventType "tourn (corr)"]
[EventRounds "12"]
[EventCountry "GER"]
[SourceTitle "Corr 2022"]
[Source "ChessBase"]
[SourceDate "2021.10.24"]
[SourceVersion "1"]
[SourceVersionDate "2021.10.24"]
[SourceQuality "1"]

1. c4 e5 2. Nc3 Nf6 3. Nf3 Nc6 4. g3 d5 5. cxd5 Nxd5 6. Bg2 Nb6 7. 0-0 Be7 8. d3 0-0 9. Be3 Bg4 10. Rc1 Re8 11. Ne4 Nd4 12. Ned2 Bf6 13. Re1 c6 14. Ne4 Nxf3+ 15. Bxf3 Bxf3 16. exf3 Nd5 17. Qb3 Re7 18. Nxf6+ Nxf6 19. Bg5 Qd6 20. Re3 h6 21. Bxf6 Qxf6 22. Rce1 Rae8 23. Qa3 b6 24. Kg2 c5 25. b4 cxb4 26. Qxb4 Qe6 27. Qb5 f6 28. d4 Qxa2 29. dxe5 fxe5 30. Re4 Qf7 31. Rd1 Rf8 32. Rd3 Kh7 33. Rde3 Rfe8 34. h4 Qf6 35. Qd3 Kg8 36. Qc3 Qf7 37. Rxe5 Rxe5 38. Rxe5 1/2-1/2

[Event "SB-2017-0-00482"]
[Site "LSS email"]
[Date "2017.01.04"]
[Round "?"]
[White "Castignani, Fausto"]
[Black "Pilgram, Kurt"]
[Result "1-0"]
[WhiteElo "2020"]
[BlackElo "2034"]
[PlyCount "75"]
[EventDate "2016.12.03"]
[EventType "tourn (corr)"]
[EventRounds "6"]
[EventCountry "GER"]
[SourceTitle "Corr 2022"]
[Source "ChessBase"]
[SourceDate "2021.10.24"]
[SourceVersion "1"]
[SourceVersionDate "2021.10.24"]
[SourceQuality "1"]

1. e4 Nf6 2. e5 Nd5 3. c4 Nb6 4. d4 d6 5. Nf3 g6 6. exd6 cxd6 7. h3 Bg7 8. Be2 0-0 9. 0-0 N8d7 10. Nc3 Nf6 11. Re1 Bd7 12. Bf4 Rc8 13. b3 Na8 14. Qd2 Nc7 15. Bf1 a6 16. a4 a5 17. Bg5 Na6 18. Rad1 Be6 19. d5 Bf5 20. Nd4 Bd7 21. Bd3 Qb6 22. Ndb5 Rce8 23. Bb1 Qd8 24. Re2 Qa8 25. Nd4 Qb8 26. Rde1 Qd8 27. Ncb5 Nc5 28. Bc2 Bxb5 29. axb5 Qc7 30. h4 Ncd7 31. Rxe7 Rxe7 32. Rxe7 Qd8 33. Re2 Ne5 34. h5 a4 35. h6 Bh8 36. bxa4 Nxc4 37. Qb4 Ne5 38. Nc6 1-0

[Event "SB-2017-0-00482"]
[Site "LSS email"]
[Date "2017.01.04"]
[Round "?"]
[White "Castignani, Fausto"]
[Black "Zhdanenia, Konstantin A"]
[Result "0-1"]
[WhiteElo "2020"]
[BlackElo "1773"]
[PlyCount "92"]
[EventDate "2016.12.03"]
[EventType "tourn (corr)"]
[EventRounds "6"]
[EventCountry "GER"]
[SourceTitle "Corr 2022"]
[Source "ChessBase"]
[SourceDate "2021.10.24"]
[SourceVersion "1"]
[SourceVersionDate "2021.10.24"]
[SourceQuality "1"]

1. e4 d6 2. d4 Nf6 3. Nc3 g6 4. Nf3 Bg7 5. h3 0-0 6. Bd3 Nc6 7. Be3 a6 8. 0-0 e5 9. d5 Ne7 10. Re1 Ne8 11. Qc1 f5 12. exf5 gxf5 13. Bg5 Nf6 14. Bc4 b5 15. Bb3 Kh8 16. a4 b4 17. Ne2 Qe8 18. c4 Ne4 19. h4 Nxg5 20. hxg5 e4 21. Nh2 Qh5 22. f4 Ng6 23. g3 Rf7 24. Kg2 h6 25. gxh6 Bxh6 26. Bd1 Rh7 27. Rh1 Bg7 28. Rb1 Bd7 29. Qe3 c5 30. b3 Kg8 31. Kf2 Re8 32. Ke1 Kf7 33. Rc1 Reh8 34. Rc2 Bf6 35. Qf2 Qxh2 36. Rxh2 Rxh2 37. Qe3 R8h3 38. Ng1 Rh1 39. Kf2 Bd4 40. Nxh3 Bxe3+ 41. Kxe3 Rxd1 42. Rb2 Rh1 43. Ng5+ Kf6 44. a5 Nf8 45. Re2 Nh7 46. Nxh7+ Rxh7 0-1

[Event "SB-2016-0-00477"]
[Site "LSS email"]
[Date "2016.12.02"]
[Round "?"]
[White "Obukhov, Gennady Nikolaevich"]
[Black "Castignani, Fausto"]
[Result "0-1"]
[WhiteElo "1913"]
[BlackElo "2032"]
[PlyCount "108"]
[EventDate "2016.11.16"]
[EventType "tourn (corr)"]
[EventRounds "6"]
[EventCountry "GER"]
[SourceTitle "Corr 2022"]
[Source "ChessBase"]
[SourceDate "2021.10.24"]
[SourceVersion "1"]
[SourceVersionDate "2021.10.24"]
[SourceQuality "1"]

1. d4 Nf6 2. Bg5 d5 3. Nd2 c5 4. e3 cxd4 5. exd4 Nc6 6. Ngf3 h6 7. Bh4 Bf5 8. c3 e6 9. Nb3 Be7 10. Bd3 Bxd3 11. Qxd3 0-0 12. Bxf6 Bxf6 13. 0-0 Rc8 14. Rfe1 Re8 15. g3 Be7 16. Kg2 Bd6 17. a3 Ne7 18. Nc1 Nf5 19. Qe2 h5 20. Nd3 Qe7 21. a4 f6 22. Nd2 h4 23. g4 h3+ 24. Kh1 Nh4 25. f4 Qf7 26. Rg1 Ng2 27. Raf1 Qg6 28. Rf2 Re7 29. Qf3 Qh7 30. g5 Rf8 31. g6 Qh6 32. c4 dxc4 33. Nxc4 Bb8 34. f5 Nh4 35. Qe4 Rfe8 36. fxe6 Rxe6 37. Qxb7 Nxg6 38. d5 R6e7 39. Qc6 Nf4 40. Nxf4 Bxf4 41. d6 Re1 42. Rgf1 R8e2 43. Qc8+ Kf7 44. Qd7+ Kg6 45. Qg4+ Qg5 46. Qxg5+ fxg5 47. Kg1 Kf7 48. d7 Ke7 49. Rxe2+ Rxe2 50. Rd1 Bc7 51. Nd6 Bb6+ 52. Kh1 Kxd7 53. a5 Bc5 54. Ne4+ Kc6 0-1

[Event "SB-2016-0-00469"]
[Site "LSS email"]
[Date "2016.10.19"]
[Round "?"]
[White "Castignani, Fausto"]
[Black "Brotherton, Trevor S"]
[Result "1/2-1/2"]
[WhiteElo "2039"]
[BlackElo "2053"]
[PlyCount "90"]
[EventDate "2016.09.09"]
[EventType "tourn (corr)"]
[EventRounds "6"]
[EventCountry "GER"]
[SourceTitle "Corr 2022"]
[Source "ChessBase"]
[SourceDate "2021.10.24"]
[SourceVersion "1"]
[SourceVersionDate "2021.10.24"]
[SourceQuality "1"]

1. e4 d6 2. d4 Nf6 3. Nc3 g6 4. Nf3 Bg7 5. Be2 0-0 6. 0-0 c6 7. a4 Nbd7 8. Be3 Qc7 9. Qd2 e5 10. dxe5 dxe5 11. h3 Re8 12. a5 Nf8 13. Bc5 Ne6 14. Bd6 Qd8 15. Rfd1 Nd4 16. Bc5 Nxf3+ 17. Bxf3 Qxd2 18. Rxd2 h5 19. Rad1 Be6 20. b3 Bh6 21. Rd3 Bf8 22. Bxf8 Kxf8 23. Na4 Rab8 24. Rd6 Ke7 25. Nc5 Bc8 26. b4 Rf8 27. c4 g5 28. Be2 g4 29. f4 gxh3 30. gxh3 Rg8+ 31. Kh2 b6 32. fxe5 Ng4+ 33. hxg4 bxc5 34. Rxc6 Bxg4 35. Rc7+ Ke6 36. Bxg4+ Rxg4 37. Rc6+ Kxe5 38. Rxc5+ Kxe4 39. b5 Rbg8 40. Rxh5 Rg2+ 41. Kh1 f5 42. Rh4+ f4 43. Rf1 R2g4 44. Rxg4 Rxg4 45. Rg1 Rh4+ 1/2-1/2

[Event "SB-2016-0-00468"]
[Site "LSS email"]
[Date "2016.10.12"]
[Round "?"]
[White "Castignani, Fausto"]
[Black "Eichner, Dieter"]
[Result "1/2-1/2"]
[WhiteElo "2039"]
[BlackElo "2062"]
[PlyCount "103"]
[EventDate "2016.09.09"]
[EventType "tourn (corr)"]
[EventRounds "6"]
[EventCountry "GER"]
[SourceTitle "Corr 2022"]
[Source "ChessBase"]
[SourceDate "2021.10.24"]
[SourceVersion "1"]
[SourceVersionDate "2021.10.24"]
[SourceQuality "1"]

1. e4 d5 2. exd5 Nf6 3. d4 Nxd5 4. c4 Nf6 5. Nf3 c5 6. d5 e6 7. Nc3 exd5 8. cxd5 Bd6 9. Qe2+ Kf8 10. Be3 a6 11. g3 Bg4 12. Bg2 Nbd7 13. h3 Bh5 14. 0-0 b5 15. Rfe1 h6 16. g4 Bg6 17. Nd2 c4 18. Nde4 Nxe4 19. Nxe4 Bxe4 20. Bxe4 Qe7 21. Bf5 Rd8 22. b3 Qe5 23. f4 Qxe3+ 24. Qxe3 Bc5 25. bxc4 bxc4 26. Rad1 Bxe3+ 27. Rxe3 g6 28. Bxd7 Rxd7 29. Rc3 Ke7 30. Rxc4 Rb8 31. d6+ Kd8 32. Rc6 Ra7 33. Rdc1 a5 34. Rc7 Rbb7 35. Rc8+ Kd7 36. Rh8 Rb2 37. Rxh6 Kxd6 38. f5 Re7 39. fxg6 fxg6 40. Rxg6+ Kd7 41. a3 Re3 42. Rg7+ Kd6 43. Rd1+ Ke6 44. Rh7 Rg3+ 45. Kh1 Rxa3 46. Rh6+ Kf7 47. g5 Rf3 48. Rd7+ Kg8 49. Rd8+ Kf7 50. Rd7+ Kg8 51. Rd8+ Kf7 52. Rd7+ 1/2-1/2